| 000 | 00742cam a22002533a 4500 | ||
|---|---|---|---|
| 001 | 28184 | ||
| 003 | PGUSA | ||
| 005 | 20140828083617.0 | ||
| 008 | 090225s2009||||xxu|||||s|||||000 p eng d | ||
| 040 |
_aPGUSA _beng |
||
| 042 | _adc | ||
| 050 | 4 | _aPS | |
| 100 | 1 |
_aBurgess, Gelett, _d1866-1951 |
|
| 245 | 1 | 4 |
_aThe Rubaiyat of Omar Cayenne _h[electronic resource] / _cGelett Burgess |
| 260 |
_bProject Gutenberg, _c2009 |
||
| 506 | _aPublic domain in the USA. | ||
| 516 | _aElectronic text | ||
| 653 | _aLiterature -- History and criticism | ||
| 653 | _aHumorous poetry | ||
| 653 | _aOmar Khayyam -- Parodies, imitations, etc. | ||
| 830 | 0 |
_aProject Gutenberg _v28184 |
|
| 856 | 4 | 0 | _uhttp://www.gutenberg.org/ebooks/28184 |
| 942 | _cEB | ||
| 999 |
_c257439 _d257439 |
||